Yumurcak [VHSVideorecording] [İngilizce Altyazılı] (Record no. 116574)

MARC details
000 -BAŞLIK
Sabit Uzunluktaki Kontrol Alanı 02568nam a22004817a 4500
003 - KONTROL NUMARASI KİMLİĞİ
Kontrol Alanı KOHA_MİRAKIL
005 - EN SON İŞLEM TARİHİ ve ZAMANI
Kontrol Alanı 20240814100436.0
008 - SABİT UZUNLUKTAKİ VERİ ÖGELERİ - GENEL BİLGİ
Sabit Alan 230831b ||||| |||| 00| 0 eng d
040 ## - KATALOGLAMA KAYNAĞI
Özgün Kataloglama Kurumu TR-IsTIV
Kataloglama Dili tur
Çeviri Kurumu TR-IsTIV
041 ## - DİL KODU
Metin ya da ses kaydının dil kodu tur
Özgün materyalin dil kodu tur
Orjinal Dil Kodu tur
090 ## - YEREL YER NUMARASI
Yerel Yer Numarası VHS 1.0808.2
100 1# - KİŞİ ADI
Yazar Adı (Kişi adı) İnanoğlu, Türker
İsimle ilişkili tarihler 1936-2024
245 10 - ESER ADI BİLDİRİMİ
Başlık Yumurcak [VHSVideorecording] [İngilizce Altyazılı]
260 ## - YAYIN, DAĞITIM, VB.
Yayın Yeri İstanbul
Yayınevi Erler Film
Yayın Tarihi 1970
300 ## - FİZİKSEL TANIMLAMA
Boyutları 1 videocasette (86 dk) :|bsd., col.,|c1/2 in.
505 ## - İÇİNDEKİLER NOTU
İçindekiler Notu Filmdeki rolüyle İlker İnanoğlu, 1970 Uluslararası Antalya Film Festivali'nde “En İyi Çocuk Oyuncu” Ödülü'nü kazandı.
505 ## - İÇİNDEKİLER NOTU
İçindekiler Notu Yumurcak, babası Nihat’la yaşayan ve yaramazlıklarından tüm mahallenin yaka silktiği, sevimli ama afacan bir çocuktur. Nihat eski bir arabada taksicilik yapar. Ayrı yaşadıkları annesi Selma zengin bir ailenin kızıdır. Üvey annesi, yeğeni Faruk’la evlendirmek istediği Selma’yı türlü tuzaklarla Nihat’tan ayırmıştır. Selma o günden beri Yumurcak’ı görememiş olmanın hasretini çekmektedir.
546 ## - DİL NOTU
Dil Notu İngilizce Altyazılı
610 ## - KONU BAŞLIĞI EK GİRİŞİ - KURUM ADI
Kurum Adı Erler Film
650 00 - KONU BAŞLIĞI EK GİRİŞ - KONU TERİMİ
Konusal terim veya coğrafi ad VHS Arşivi Erler Film
Alt başlık biçimi Dram Filmleri Erler Film
-- Komedi Filmleri Türk Sineması
Genel Alt Konu Macera Filmleri Türk Sineması
-- Erler Film VHS Kayıtları
-- Macera Filmleri Erler Film
-- Ödüllü Filmler Erler Film
-- Renkli Filmler Erler Film
-- Erler Film
-- Dram Filmleri Türk Sineması
Kronolojik Alt Konu 1970
Coğrafi Alt Konu Türkiye
700 1# - EK GİRİŞ - KİŞİ ADI
Yazar Adı (Kişi adı) Önal, Safa
İsimle beraber tarih varsa (doğum-ölüm) 1930-2023
İlişkili Terim Senarist
700 1# - EK GİRİŞ - KİŞİ ADI
Yazar Adı (Kişi adı) Bükey, Metin
İsimle beraber tarih varsa (doğum-ölüm) 1933-1997
İlişkili Terim Müzik
700 1# - EK GİRİŞ - KİŞİ ADI
Yazar Adı (Kişi adı) Gürtop, Çetin
İsimle beraber tarih varsa (doğum-ölüm) 1936-2009
İlişkili Terim Görüntü Yönetmeni
700 1# - EK GİRİŞ - KİŞİ ADI
Yazar Adı (Kişi adı) İnanoğlu, İlker
İsimle beraber tarih varsa (doğum-ölüm) 1965-
İlişkili Terim Oyuncu
700 1# - EK GİRİŞ - KİŞİ ADI
Yazar Adı (Kişi adı) Akın, Filiz
İsimle beraber tarih varsa (doğum-ölüm) 1943-
İlişkili Terim Oyuncu
700 1# - EK GİRİŞ - KİŞİ ADI
Yazar Adı (Kişi adı) Tibet, Kartal
İsimle beraber tarih varsa (doğum-ölüm) 1931-2000
İlişkili Terim Oyuncu
700 1# - EK GİRİŞ - KİŞİ ADI
Yazar Adı (Kişi adı) Kentmen, Hulusi
İsimle beraber tarih varsa (doğum-ölüm) 1912-1993
İlişkili Terim Oyuncu
700 1# - EK GİRİŞ - KİŞİ ADI
Yazar Adı (Kişi adı) Somer, Önder
İsimle beraber tarih varsa (doğum-ölüm) 1937-1997
İlişkili Terim Oyuncu
700 1# - EK GİRİŞ - KİŞİ ADI
Yazar Adı (Kişi adı) Baradan, Hüseyin
İsimle beraber tarih varsa (doğum-ölüm) 1932-2004
İlişkili Terim Oyuncu
700 1# - EK GİRİŞ - KİŞİ ADI
Yazar Adı (Kişi adı) Tosun, Necdet
İsimle beraber tarih varsa (doğum-ölüm) 1926-1975
İlişkili Terim Oyuncu
700 1# - EK GİRİŞ - KİŞİ ADI
Yazar Adı (Kişi adı) Muvahhit, Bedia
İsimle beraber tarih varsa (doğum-ölüm) 1897-1994
İlişkili Terim Oyuncu
700 1# - EK GİRİŞ - KİŞİ ADI
Yazar Adı (Kişi adı) Alpan, Giray
İsimle beraber tarih varsa (doğum-ölüm) 1935-2002
İlişkili Terim Oyuncu
700 1# - EK GİRİŞ - KİŞİ ADI
Yazar Adı (Kişi adı) Yonat, Celal
İsimle beraber tarih varsa (doğum-ölüm) 1922-1993
İlişkili Terim Oyuncu
700 1# - EK GİRİŞ - KİŞİ ADI
Yazar Adı (Kişi adı) Demir, Ali
İsimle beraber tarih varsa (doğum-ölüm) 1921-1996
İlişkili Terim Oyuncu
700 1# - EK GİRİŞ - KİŞİ ADI
Yazar Adı (Kişi adı) Fosforoğlu, Renan
İsimle beraber tarih varsa (doğum-ölüm) 1918-1991
İlişkili Terim Oyuncu
700 1# - EK GİRİŞ - KİŞİ ADI
Yazar Adı (Kişi adı) Hazinses, Sami
İsimle beraber tarih varsa (doğum-ölüm) 1925-2002
İlişkili Terim Oyuncu
700 1# - EK GİRİŞ - KİŞİ ADI
Yazar Adı (Kişi adı) Hun, Ediz
İsimle beraber tarih varsa (doğum-ölüm) 1940-
İlişkili Terim Oyuncu
700 1# - EK GİRİŞ - KİŞİ ADI
Yazar Adı (Kişi adı) Nipton, Asım
İsimle beraber tarih varsa (doğum-ölüm) 1915-1972
İlişkili Terim Oyuncu
700 1# - EK GİRİŞ - KİŞİ ADI
Yazar Adı (Kişi adı) Seyhan, Ali
İsimle beraber tarih varsa (doğum-ölüm) 1930-1984
İlişkili Terim Oyuncu
700 1# - EK GİRİŞ - KİŞİ ADI
Yazar Adı (Kişi adı) Küçüktepe, İhsan
İlişkili Terim Oyuncu
856 ## - ELEKTRONİK YER ve ERİŞİM
Materyale ilişkin tanımlama Yumurcak Filminin Afişi
Kaynak Tanımlayıcı (URL) <a href="https://disk.yandex.com/i/422jq6-drHRYxQ">https://disk.yandex.com/i/422jq6-drHRYxQ</a>
942 ## - EK GİRİŞ ÖGELERİ (KOHA)
Source of classification or shelving scheme Dewey Decimal Classification
Koha item type Görsel-İşitsel Materyaller

No items available.